[Event "World Rapid 2019"]
[Site "Moscow RUS"]
[Date "2019.12.26"]
[Round "4.73"]
[White "Potapov, Pavel"]
[Black "Romanov, Evgeny"]
[Result "1/2-1/2"]
[WhiteTitle "GM"]
[BlackTitle "GM"]
[WhiteElo "2482"]
[BlackElo "2604"]
[WhiteFideId "4169786"]
[BlackFideId "4148843"]
[EventDate "2019.12.26"]
[EventType "rapid"]

1. e4 c5 2. c3 d5 3. exd5 Qxd5 4. d4 Nf6 5. Nf3 e6 6. Be3 Nbd7 7. Bd3 Be7 8. O-O
O-O 9. c4 Qd6 10. Nc3 b6 11. Qe2 Bb7 12. Rad1 Qc7 13. h3 Rad8 14. Rfe1 Rfe8 15.
Nb5 Qb8 16. Bb1 a6 17. Nc3 Qa8 18. dxc5 bxc5 19. b3 Bf8 20. Rd2 e5 21. Red1 e4
22. Nh2 Ne5 23. Bg5 Rxd2 24. Rxd2 e3 25. fxe3 Ne4 26. Nxe4 Bxe4 27. Bxe4 Qxe4
28. Nf3 Ng6 29. Qd3 h6 30. Bd8 Qxe3+ 31. Qxe3 Rxe3 32. Kf2 Re6 33. Bc7 Be7 34.
g4 Rc6 35. Bg3 a5 36. Ne5 Rf6+ 37. Kg2 Nxe5 38. Bxe5 Re6 39. Bf4 a4 40. Kf3 axb3 1/2-1/2

[Event "World Rapid 2019"]
[Site "Moscow RUS"]
[Date "2019.12.26"]
[Round "4.74"]
[White "Glek, Igor"]
[Black "Donchenko, Alexander"]
[Result "0-1"]
[WhiteTitle "GM"]
[BlackTitle "GM"]
[WhiteElo "2467"]
[BlackElo "2644"]
[WhiteFideId "4100484"]
[BlackFideId "24603295"]
[EventDate "2019.12.26"]
[EventType "rapid"]

1. e4 c6 2. c4 d5 3. cxd5 cxd5 4. exd5 Nf6 5. Nc3 Nxd5 6. Nf3 Nc6 7. Bb5 g6 8.
O-O Bg7 9. Qa4 Qd6 10. Ne4 Qc7 11. d4 O-O 12. Bxc6 Qxc6 13. Qxc6 bxc6 14. Bd2
Bf5 15. Nc5 f6 16. Rfe1 Kf7 17. h3 h5 18. Rac1 g5 19. h4 g4 20. Nh2 Rab8 21. b3
Nb4 22. Rc4 Nc2 23. Rc1 Na3 24. Ra4 Nb5 25. Nf1 Rfd8 26. Be3 Rd5 27. Ng3 Bg6 28.
Ne2 e5 29. dxe5 fxe5 30. Nc3 Nxc3 31. Rxa7+ Kg8 32. Rxc3 Rd1+ 33. Kh2 e4 34.
Rxg7+ Kxg7 35. Ne6+ Kf6 36. Nc7 Rc8 37. Rxc6+ Kf7 38. Bg5 Bf5 39. Rf6+ Kg7 40.
Rxf5 Rxc7 41. Be3 Rc2 42. a4 Rb2 43. a5 Rxb3 44. a6 g3+ 45. Kxg3 Ra1 46. Rxh5
Rxa6 47. Kf4 Rb4 48. Rg5+ Kh7 49. Rf5 Rg6 50. g4 Rg8 51. h5 Kh6 52. Rf6+ Kg7 53.
g5 Ra4 54. h6+ Kh7 55. Kg4 Ra1 56. Re6 Rf8 57. g6+ Kg8 58. h7+ Kg7 59. Bd4+ Kh6
60. g7+ Kxh7 61. gxf8=N+ Kg8 62. Bxa1 0-1

[Event "World Rapid 2019"]
[Site "Moscow RUS"]
[Date "2019.12.26"]
[Round "4.75"]
[White "Sychev, Klementy"]
[Black "Vastrukhin, Oleg"]
[Result "0-1"]
[WhiteTitle "GM"]
[BlackTitle "IM"]
[WhiteElo "2563"]
[BlackElo "2428"]
[WhiteFideId "4114060"]
[BlackFideId "4192770"]
[EventDate "2019.12.26"]
[EventType "rapid"]

1. d4 g6 2. e4 Bg7 3. Nc3 c6 4. f4 d5 5. e5 Nh6 6. Nf3 f6 7. Bd3 Bg4 8. h3 Bxf3
9. Qxf3 O-O 10. Qe3 fxe5 11. fxe5 c5 12. b3 Nf5 13. Bxf5 Rxf5 14. Ne2 cxd4 15.
Qd3 Nc6 16. Bb2 Qa5+ 17. Kd1 Bxe5 18. Nxd4 Nxd4 19. Bxd4 Bxd4 20. Qxd4 e5 21.
Qe3 Raf8 22. Re1 Rf2 23. Kc1 d4 24. Qxe5 Qxe5 25. Rxe5 Rc8 0-1

[Event "World Rapid 2019"]
[Site "Moscow RUS"]
[Date "2019.12.26"]
[Round "4.76"]
[White "Bluebaum, Matthias"]
[Black "Batchuluun, Tsegmed"]
[Result "1-0"]
[WhiteTitle "GM"]
[BlackTitle "GM"]
[WhiteElo "2644"]
[BlackElo "2530"]
[WhiteFideId "24651516"]
[BlackFideId "4900847"]
[EventDate "2019.12.26"]
[EventType "rapid"]

1. d4 Nf6 2. c4 e6 3. Nc3 Bb4 4. e3 O-O 5. Bd2 d5 6. Nf3 b6 7. cxd5 exd5 8. Rc1
Bb7 9. Bd3 Nbd7 10. O-O Re8 11. Nb5 Bd6 12. Nxd6 cxd6 13. Bb4 Ne4 14. Nd2 Ndf6
15. Nb1 Rc8 16. f3 Ng5 17. Rxc8 Bxc8 18. Qd2 Ne6 19. Nc3 Nc7 20. Re1 Bb7 21. a4
Qd7 22. Kf2 a5 23. Ba3 Bc6 24. Qc2 g6 25. b4 axb4 26. Bxb4 Ra8 27. Ra1 Nfe8 28.
Qb3 Bb7 29. Ba3 Ba6 30. Nb5 Nxb5 31. axb5 Bb7 32. Rc1 Rc8 33. Re1 Qc7 34. Bb2
Qd8 35. Qb4 Ra8 36. Kg1 Rc8 37. Qd2 Ng7 38. e4 dxe4 39. fxe4 d5 40. e5 Ra8 41.
Qf2 Bc8 42. Rf1 Ra7 43. Bc1 Bf5 44. Be2 Be4 45. h4 h5 46. Bg5 Qe8 47. Bf6 Ra2
48. Re1 Nf5 49. Qf4 Nxd4 50. Qh6 Nxe2+ 51. Rxe2 1-0

[Event "World Rapid 2019"]
[Site "Moscow RUS"]
[Date "2019.12.26"]
[Round "4.77"]
[White "Potkin, Vladimir"]
[Black "Drygalov, Sergey"]
[Result "0-1"]
[WhiteTitle "GM"]
[BlackTitle "IM"]
[WhiteElo "2583"]
[BlackElo "2473"]
[WhiteFideId "4131061"]
[BlackFideId "24171743"]
[EventDate "2019.12.26"]
[EventType "rapid"]

1. c4 e5 2. Nc3 Nf6 3. Nf3 Nc6 4. g3 d5 5. cxd5 Nxd5 6. Bg2 Nb6 7. O-O Be7 8. a3
O-O 9. b4 Be6 10. d3 a5 11. b5 Nd4 12. Bb2 f6 13. Nxd4 exd4 14. Nb1 Bd5 15. Nd2
Bxg2 16. Kxg2 c5 17. bxc6 bxc6 18. Qc2 c5 19. Rab1 Re8 20. Bc1 Nd5 21. Nc4 Bf8
22. Re1 a4 23. Bd2 Kh8 24. Kg1 Qd7 25. Qb2 Qc7 26. Qb7 Qd8 27. Qc6 Nc3 28. Bxc3
dxc3 29. Rbc1 Qd4 30. Rc2 Rec8 31. Qe4 Re8 32. Qf3 Ra6 33. Qb7 Rae6 34. Qb5 f5
35. Qa5 f4 36. Qxc3 fxg3 37. hxg3 Qg4 38. Qd2 Rf6 39. e4 Qh3 40. Qe3 Be7 41. Qe2
Rh6 42. Qf3 Qh2+ 43. Kf1 Rf8 44. Qg2 Qh5 45. Ne3 Qf7 46. Nf5 Rb6 47. d4 Qb3 48.
Rd2 Bf6 49. dxc5 Bc3 50. cxb6 Bxd2 51. Ra1 Bc3 52. Rc1 Qxa3 53. Rd1 Qb3 54. Qf3
a3 55. Kg2 Qb2 56. Ne7 Rb8 57. Qh5 Qxb6 58. Rh1 h6 59. Nd5 Qc6 60. Nxc3 Qxc3 61.
Qd5 Qb2 62. Qd6 a2 63. Ra1 Rc8 64. Qd1 Rc2 65. Qf1 Re2 66. Rd1 Kh7 67. Kg1 Qc2
68. Ra1 Qxe4 69. Qc1 Rc2 70. Qd1 Rb2 0-1

[Event "World Rapid 2019"]
[Site "Moscow RUS"]
[Date "2019.12.26"]
[Round "4.78"]
[White "Baron, Tal"]
[Black "Ruck, Robert"]
[Result "0-1"]
[WhiteTitle "GM"]
[BlackTitle "GM"]
[WhiteElo "2541"]
[BlackElo "2530"]
[WhiteFideId "2809958"]
[BlackFideId "705713"]
[EventDate "2019.12.26"]
[EventType "rapid"]

1. d4 Nf6 2. Nf3 e6 3. Bf4 b6 4. e3 Bb7 5. Nbd2 Be7 6. h3 O-O 7. Bd3 c5 8. c3
Nc6 9. O-O Rc8 10. Qe2 Re8 11. Rfe1 Bf8 12. Rad1 d6 13. Nc4 cxd4 14. exd4 g6 15.
Bg3 Qd7 16. Ne3 Bg7 17. Nc4 Bf8 18. Qd2 Nb8 19. Nh2 Qc6 20. Ne3 Nbd7 21. Qe2 Nh5
22. Bb5 Nxg3 23. fxg3 Qc7 24. Nhg4 Bg7 25. Qf1 f5 26. Nh2 Re7 27. g4 Nf6 28.
gxf5 exf5 29. Nf3 Bh6 30. Qf2 a6 31. Ba4 b5 32. Bb3+ Kg7 33. Nh4 Kh8 34. Nhxf5
gxf5 35. Nxf5 Rxe1+ 36. Rxe1 Bf8 37. Qh4 Qd8 38. Re6 Ne4 39. Rxe4 Bxe4 40. Qxe4
Qf6 41. Be6 Re8 42. d5 Rd8 43. a4 Qg5 44. Kh2 Bg7 45. h4 Qg6 46. g3 Be5 47. Kh3
Rb8 48. a5 Rf8 49. Qg4 Rb8 50. h5 Qxg4+ 51. Kxg4 b4 52. c4 b3 53. h6 Rd8 54. Ne7
Bxb2 55. Nc6 Rf8 56. c5 Ba3 57. cxd6 Bxd6 58. Bf5 Rxf5 59. Kxf5 b2 60. Ke6 Bxg3 0-1

[Event "World Rapid 2019"]
[Site "Moscow RUS"]
[Date "2019.12.26"]
[Round "4.79"]
[White "Novikov, Stanislav"]
[Black "Sek, Konstantin"]
[Result "1/2-1/2"]
[WhiteTitle "GM"]
[WhiteElo "2531"]
[BlackElo "2446"]
[WhiteFideId "4125371"]
[BlackFideId "24104302"]
[EventDate "2019.12.26"]
[EventType "rapid"]

1. e4 e5 2. Nf3 Nc6 3. Bb5 a6 4. Bxc6 dxc6 5. O-O Bg4 6. h3 h5 7. d3 Qf6 8. Be3
Bxf3 9. Qxf3 Qxf3 10. gxf3 Bd6 11. Nd2 Ne7 12. Rfb1 Ng6 13. Kf1 f5 14. Nc4 O-O
15. Ke2 fxe4 16. dxe4 Nf4+ 17. Bxf4 Rxf4 18. Rd1 Raf8 19. Rd3 Kh7 20. Rad1 b5
21. Nxd6 cxd6 22. Ra3 b4 23. Rb3 R8f6 24. Rbd3 d5 25. exd5 e4 26. fxe4 Rxf2+ 27.
Ke3 c5 28. e5 R6f3+ 29. Ke4 Rf4+ 30. Ke3 R4f3+ 31. Ke4 Rf4+ 32. Ke3 1/2-1/2

[Event "World Rapid 2019"]
[Site "Moscow RUS"]
[Date "2019.12.26"]
[Round "4.80"]
[White "Gundavaa, Bayarsaikhan"]
[Black "Tsoi, Dmitry"]
[Result "0-1"]
[WhiteTitle "GM"]
[BlackTitle "FM"]
[WhiteElo "2489"]
[BlackElo "2321"]
[WhiteFideId "4901045"]
[BlackFideId "24194697"]
[EventDate "2019.12.26"]
[EventType "rapid"]

1. Nf3 c6 2. c4 g6 3. d4 Bg7 4. Nc3 Nf6 5. e4 d6 6. Be2 O-O 7. O-O Bg4 8. Be3
Nbd7 9. Ne1 Bxe2 10. Qxe2 a6 11. a4 b5 12. f3 bxc4 13. Qxc4 c5 14. dxc5 Nxc5 15.
Nd3 Nxd3 16. Qxd3 a5 17. Rac1 Rb8 18. Nb5 Nd7 19. b3 h5 20. Rc2 h4 21. h3 Bf6
22. Rfc1 Nc5 23. Qc4 Ne6 24. f4 Qd7 25. Qd5 Rfd8 26. f5 gxf5 27. exf5 Ng7 28.
Rf2 Rdc8 29. Rcf1 Qb7 30. Qd2 Nh5 31. Re1 Be5 32. Bd4 Qd5 33. Qg5+ Ng7 34. Bxe5
dxe5 35. f6 exf6 36. Qxf6 Qxb3 37. Qxh4 Rc4 38. Qf6 Rxa4 39. Nd6 Rf4 40. Rxf4
exf4 41. Qxf4 Rd8 42. Kh2 Qb8 43. Rd1 Qc7 44. Qg3 Kf8 45. Rd5 Ne8 46. Qe5 Rxd6
47. Rxa5 Rg6 48. Qxc7 Nxc7 49. Rf5 Kg7 50. Rf2 Ne6 51. Rd2 Rg5 52. Re2 Kg6 53.
Re3 Rf5 54. Re2 Nf4 55. Rd2 Re5 56. Rf2 Nd3 57. Rf3 Nc5 58. Rg3+ Rg5 59. Rf3 Rf5
60. Rc3 Ne4 61. Rc4 Rf4 62. Ra4 Kg5 63. Ra5+ f5 64. g4 Rf2+ 65. Kg1 Kh4 66. gxf5
Rc2 67. Ra4 Kg3 68. Kf1 Nc3 69. Ra1 Rh2 70. Kg1 Ne2+ 71. Kf1 Rh1+ 72. Kxe2 Rxa1 0-1

[Event "World Rapid 2019"]
[Site "Moscow RUS"]
[Date "2019.12.26"]
[Round "4.81"]
[White "Geller, Jakov"]
[Black "Tissir, Mohamed"]
[Result "1-0"]
[WhiteTitle "GM"]
[BlackTitle "IM"]
[WhiteElo "2521"]
[BlackElo "2379"]
[WhiteFideId "4151984"]
[BlackFideId "9000240"]
[EventDate "2019.12.26"]
[EventType "rapid"]

1. e4 c5 2. Nf3 d6 3. d4 cxd4 4. Nxd4 Nf6 5. Nc3 a6 6. Be3 e6 7. f3 b5 8. Qd2
Bb7 9. g4 Nfd7 10. O-O-O Nb6 11. Nb3 N8d7 12. Na5 Rb8 13. Nxb7 Rxb7 14. f4 Be7
15. g5 O-O 16. Qf2 b4 17. Nb1 a5 18. e5 Nd5 19. Bg2 dxe5 20. Bxd5 exd5 21. Rxd5
exf4 22. Bxf4 Qc8 23. Re1 Bc5 24. Qf3 a4 25. Nd2 Ra7 26. Kb1 Nb6 27. Rd3 Re8 28.
Rxe8+ Qxe8 29. Ne4 Bf8 30. Be3 Ra6 31. Nd6 Qe6 32. Qb7 Nd5 33. Qxa6 Nxe3 34. Qc8
Qe5 35. Qd7 Bxd6 36. Qxd6 Qxd6 37. Rxd6 Kf8 38. Rd4 1-0

[Event "World Rapid 2019"]
[Site "Moscow RUS"]
[Date "2019.12.26"]
[Round "4.82"]
[White "Khusnutdinov, Rustam"]
[Black "Makarian, Rudik"]
[Result "1/2-1/2"]
[WhiteTitle "GM"]
[BlackTitle "IM"]
[WhiteElo "2491"]
[BlackElo "2397"]
[WhiteFideId "13701703"]
[BlackFideId "44105681"]
[EventDate "2019.12.26"]
[EventType "rapid"]

1. e4 c5 2. Nc3 d6 3. d4 cxd4 4. Qxd4 Nc6 5. Qd2 g6 6. b3 Bg7 7. Bb2 Nf6 8.
O-O-O O-O 9. f3 Bd7 10. h4 a5 11. a4 Nb4 12. Kb1 Rc8 13. Rc1 d5 14. exd5 Be6 15.
Nh3 Nfxd5 16. Nxd5 Qxd5 17. Qxd5 Nxd5 18. Bxg7 Kxg7 19. Ng5 Bd7 20. Kb2 h6 21.
Ne4 f5 22. Nd2 Ne3 23. Nc4 Nxc4+ 24. Bxc4 e5 25. Rhd1 Bc6 26. Bd5 Kf6 27. Bxc6
Rxc6 28. Rd5 b6 29. Rcd1 Re8 30. c4 e4 31. fxe4 Rxe4 32. R1d4 Rxd4 33. Rxd4 g5
34. Kc3 f4 35. hxg5+ Kxg5 36. b4 axb4+ 37. Kxb4 h5 38. a5 bxa5+ 39. Kxa5 Re6 40.
Rd2 h4 41. c5 Kg4 42. Rd6 Re2 43. Rg6+ Kf5 44. Rg8 Re3 45. c6 h3 46. Rf8+ Kg4
47. Rg8+ Kf5 48. gxh3 Rxh3 49. c7 Rc3 50. c8=Q+ Rxc8 51. Rxc8 f3 52. Kb4 Ke4 53.
Kc3 f2 54. Rf8 Ke3 55. Rxf2 Kxf2 1/2-1/2

[Event "World Rapid 2019"]
[Site "Moscow RUS"]
[Date "2019.12.26"]
[Round "4.83"]
[White "Vishnu Prasanna, V"]
[Black "Atabayev, Maksat"]
[Result "1-0"]
[WhiteTitle "GM"]
[BlackTitle "GM"]
[WhiteElo "2493"]
[BlackElo "2475"]
[WhiteFideId "5030692"]
[BlackFideId "14001101"]
[EventDate "2019.12.26"]
[EventType "rapid"]

1. d4 Nf6 2. c4 e6 3. Nc3 Bb4 4. e3 O-O 5. Bd2 d5 6. Nf3 b6 7. cxd5 exd5 8. Bd3
Bb7 9. O-O Nbd7 10. Rc1 a6 11. Ne5 Bd6 12. f4 Ne4 13. Be1 g6 14. Nxe4 dxe4 15.
Bc4 Kg7 16. Qg4 Nf6 17. Qh3 Nd5 18. f5 f6 19. fxg6 hxg6 20. Nxg6 Kxg6 21. Qg4+
Kf7 22. Qxe4 Be7 23. Qh7+ Ke8 24. Qh5+ Kd7 25. Bxd5 Kc8 26. Bxb7+ Kxb7 27. Qf3+
Ka7 28. Bg3 Bd6 29. Rc6 1-0

[Event "World Rapid 2019"]
[Site "Moscow RUS"]
[Date "2019.12.26"]
[Round "4.84"]
[White "Mesropov, Konstantin"]
[Black "Salgado Lopez, Ivan"]
[Result "1/2-1/2"]
[WhiteTitle "IM"]
[BlackTitle "GM"]
[WhiteElo "2422"]
[BlackElo "2605"]
[WhiteFideId "4116887"]
[BlackFideId "2257327"]
[EventDate "2019.12.26"]
[EventType "rapid"]

1. d4 e6 2. e4 d5 3. Nc3 Bb4 4. exd5 exd5 5. Bd3 c6 6. Qf3 Nf6 7. Bg5 Nbd7 8.
Ne2 O-O 9. O-O Re8 10. Ng3 h6 11. Bf4 Nf8 12. Be5 Ng4 13. Bxg7 Kxg7 14. Nh5+ Kh8
15. h3 f5 16. Bxf5 Nf6 17. Bxc8 Nxh5 18. Bxb7 Ng7 19. Bxc6 Bxc3 20. Bxe8 Qxe8
21. bxc3 Qc6 22. Rfe1 Ng6 23. Qe3 Kh7 24. Qd3 Kh8 25. Qe3 Kh7 26. Qd3 Kh8 27. c4
dxc4 1/2-1/2

[Event "World Rapid 2019"]
[Site "Moscow RUS"]
[Date "2019.12.26"]
[Round "4.85"]
[White "Atabayev, Saparmyrat"]
[Black "Kryakvin, Dmitry"]
[Result "0-1"]
[WhiteTitle "IM"]
[BlackTitle "GM"]
[WhiteElo "2425"]
[BlackElo "2596"]
[WhiteFideId "14000571"]
[BlackFideId "4153278"]
[EventDate "2019.12.26"]
[EventType "rapid"]

1. d4 d5 2. c4 c6 3. Nc3 Nf6 4. Nf3 dxc4 5. a4 a5 6. e4 Bg4 7. Bxc4 e6 8. Be3
Bb4 9. Qc2 Nbd7 10. Nd2 Bh5 11. f3 Bg6 12. O-O Nd5 13. Bf2 O-O 14. Rfd1 Rc8 15.
Qb3 N5b6 16. Be2 c5 17. Na2 Qe7 18. Nxb4 cxb4 19. Rac1 f5 20. Rxc8 Rxc8 21. Bb5
fxe4 22. fxe4 Kh8 23. Rf1 h6 24. h3 Kh7 25. Be3 e5 26. Re1 exd4 27. Bxd4 Nc5 28.
Qe3 Nbxa4 29. Rc1 Rd8 30. Nf3 b6 31. Ne5 Be8 32. Nc6 Bxc6 33. Bxc6 Rxd4 34. Qxd4
Nb3 35. Qd1 Nxc1 36. Bxa4 Qc5+ 37. Kh1 b3 38. Bd7 g6 39. Be6 h5 40. Qd7+ Kh6 41.
Qd2+ Kg7 42. Qf4 Qg1+ 43. Kxg1 Ne2+ 44. Kf2 Nxf4 45. Bxb3 Nd3+ 46. Ke3 Nxb2 47.
Kd2 a4 48. Bd5 Kf6 49. Kc2 a3 50. g3 Na4 51. Bc6 a2 0-1

[Event "World Rapid 2019"]
[Site "Moscow RUS"]
[Date "2019.12.26"]
[Round "4.86"]
[White "Shcherbakov, Ruslan"]
[Black "Mikhailovsky, Vladimir"]
[Result "1-0"]
[WhiteTitle "GM"]
[BlackTitle "CM"]
[WhiteElo "2527"]
[BlackElo "2209"]
[WhiteFideId "4102240"]
[BlackFideId "34105414"]
[EventDate "2019.12.26"]
[EventType "rapid"]

1. e4 d5 2. exd5 Qxd5 3. Nc3 Qd6 4. d4 Nf6 5. Nf3 Bg4 6. Be2 e6 7. O-O Be7 8. h3
Bxf3 9. Bxf3 c6 10. Ne2 O-O 11. Bf4 Qb4 12. c3 Qxb2 13. Rb1 Qxa2 14. Rxb7 Nbd7
15. Bxc6 Qa6 16. Rc7 Bd8 17. Bb7 Qb6 18. Rxd7 Rb8 19. Bxb8 Nxd7 20. Bxa7 Qxb7
21. Qa1 Be7 22. Rb1 Qc7 23. Qa6 Nf6 24. Rb7 Qc8 25. Qb5 Bd6 26. c4 h6 27. Nc3
Rd8 28. Bb6 Qxb7 29. Bxd8 Qa7 30. c5 Qa1+ 31. Nb1 Qxd4 32. cxd6 Ne4 33. Bb6 Qd1+
34. Kh2 Qxd6+ 35. Kg1 Qd1+ 36. Qf1 Qb3 37. Be3 Qb2 38. Qe1 Qc2 39. Nd2 Nf6 40.
Nf3 Nd5 41. Qd2 Qb1+ 42. Qc1 Qb7 43. Bd4 f6 44. Qb2 Qc6 45. Be3 e5 46. Nd2 Kh8
47. Qb8+ Kh7 48. Qb1+ Kh8 49. Qe4 Qe6 50. g4 Nc3 51. Qd3 Qc6 52. Qc4 Qxc4 53.
Nxc4 Kh7 54. Kg2 Kg6 55. Kf3 h5 56. Nd6 hxg4+ 57. hxg4 Nd5 58. Bd2 Nc7 59. Ke4
Ne6 60. Be3 Nc7 61. Bd2 Ne6 62. Kd5 Nc7+ 63. Kc4 Ne6 64. Be3 Ng5 65. Kd5 Nf3 66.
Ke4 Ne1 67. Nf5 Kf7 68. g5 Nc2 69. Bc5 Na1 70. Nh4 Nb3 71. g6+ Kg8 72. Kd5 Nd2
73. Nf5 Nf3 74. Be3 Ne1 75. Ke6 Nd3 76. Ke7 Nb4 77. Ke8 Nd5 78. Ne7+ Nxe7 79.
Kxe7 f5 80. Bc1 Kh8 81. Kf7 f4 82. f3 e4 83. Bb2 exf3 84. Bxg7# 1-0

[Event "World Rapid 2019"]
[Site "Moscow RUS"]
[Date "2019.12.26"]
[Round "4.87"]
[White "Usov, Aleksandr E."]
[Black "Can, Emre"]
[Result "0-1"]
[BlackTitle "GM"]
[WhiteElo "2012"]
[BlackElo "2600"]
[WhiteFideId "24257109"]
[BlackFideId "6302181"]
[EventDate "2019.12.26"]
[EventType "rapid"]

1. e4 c5 2. Nf3 e6 3. d4 cxd4 4. Nxd4 Nc6 5. Nxc6 bxc6 6. c4 Nf6 7. Nc3 Bb4 8.
e5 Ne4 9. Qd4 Qa5 10. Bd2 Nxd2 11. Kxd2 O-O 12. Bd3 d5 13. exd6 Rd8 14. a3 Bxd6
15. Qh4 h6 16. b4 Qc7 17. Kc2 a5 18. c5 Be5 19. Qe4 f5 20. Qe2 Rd4 21. Rhe1 Bf6
22. Bc4 Kh8 23. Bxe6 Bxe6 24. Qxe6 Qf4 25. Qe3 Qxe3 26. Rxe3 axb4 27. Ne2 Rc4+
28. Kb3 Rg4 29. Ra2 bxa3 30. Rxa3 Rb8+ 31. Kc2 Rxg2 32. Rf3 Rxh2 33. Rxf5 Rb2+
34. Kd3 Kh7 35. Ra6 Rh3+ 36. Ng3 Kg6 37. Rf3 h5 38. Ke4 h4 39. Nf1 Rb4+ 0-1

[Event "World Rapid 2019"]
[Site "Moscow RUS"]
[Date "2019.12.26"]
[Round "4.88"]
[White "Ismagambetov, Anuar"]
[Black "Gareyev, Timur"]
[Result "0-1"]
[WhiteTitle "GM"]
[BlackTitle "GM"]
[WhiteElo "2528"]
[BlackElo "2598"]
[WhiteFideId "13701525"]
[BlackFideId "14200937"]
[EventDate "2019.12.26"]
[EventType "rapid"]

1. e4 e5 2. Nf3 Nc6 3. Nc3 Nf6 4. g3 Bc5 5. Bg2 d6 6. d3 a6 7. h3 h6 8. Be3 Bxe3
9. fxe3 Ne7 10. Nh4 c6 11. O-O Qb6 12. Qc1 Be6 13. Rb1 d5 14. Kh2 dxe4 15. Nxe4
Nxe4 16. Bxe4 Bxa2 17. Ra1 Bd5 18. Bxd5 cxd5 19. c3 Qe6 20. d4 e4 21. Qd1 g5 22.
Ng2 h5 23. Qb3 O-O-O 24. Rf2 h4 25. gxh4 Qd6+ 26. Kg1 gxh4 27. Qa3 Qxa3 28. Rxa3
f5 29. Nf4 Rdg8+ 30. Rg2 Rxg2+ 31. Kxg2 Rg8+ 32. Kh2 Rg3 33. Ng2 Rf3 34. Nxh4
Rxe3 35. Ng2 Rf3 36. h4 f4 37. h5 Nf5 38. Ra5 Rf2 39. Kg1 e3 40. Rxd5 Ng3 41.
Nxe3 fxe3 42. Re5 Rf1+ 43. Kg2 e2 44. Rxe2 Nxe2 45. Kxf1 Ng3+ 46. Kf2 Nxh5 47.
Ke3 Kd7 48. c4 a5 49. Kd3 Kc6 50. Kc3 Nf4 51. b4 Ne2+ 52. Kd3 Nxd4 53. bxa5 Nb3
54. Kc3 Nxa5 55. Kd4 0-1

[Event "World Rapid 2019"]
[Site "Moscow RUS"]
[Date "2019.12.26"]
[Round "4.89"]
[White "Studer, Noel"]
[Black "Gasanov, Eldar"]
[Result "1/2-1/2"]
[WhiteTitle "GM"]
[BlackTitle "GM"]
[WhiteElo "2546"]
[BlackElo "2481"]
[WhiteFideId "1319620"]
[BlackFideId "14104466"]
[EventDate "2019.12.26"]
[EventType "rapid"]

1. d4 Nf6 2. c4 e6 3. Nf3 Bb4+ 4. Nbd2 O-O 5. a3 Be7 6. e4 d6 7. Qc2 Nfd7 8. Be2
e5 9. b3 exd4 10. Nxd4 Bf6 11. Bb2 Nc6 12. N4f3 Bxb2 13. Qxb2 Re8 14. O-O Nc5
15. Qc2 a5 16. Rfe1 Qf6 17. Rab1 Bg4 18. Bf1 Re7 19. b4 axb4 20. axb4 Ne6 21. c5
Nf4 22. cxd6 cxd6 23. Qb2 Ne5 24. Nxe5 dxe5 25. Nc4 Rd8 26. Ne3 Qg5 27. Nxg4
Qxg4 28. f3 Qg5 29. g3 Red7 30. Qc3 Rd2 31. Rb2 Rxb2 32. Qxb2 h5 33. Kh1 Ne6 34.
Qc1 Qf6 35. Qe3 h4 36. Bc4 Nd4 37. Rf1 Rc8 38. Qd3 b5 39. Bb3 Qd6 40. f4 Qxb4
41. Bd5 Qb2 42. gxh4 Rc3 43. Qb1 Qe2 44. Qd1 Qb2 45. Qh5 Ne6 46. Bxe6 fxe6 47.
Qe8+ Kh7 48. Qh5+ Kg8 49. Qe8+ Kh7 50. Rg1 Rc7 51. Qg6+ Kh8 52. Qh5+ Kg8 53.
Qe8+ Kh7 54. Qg6+ Kh8 55. Qxe6 Qe2 56. Qe8+ Kh7 57. Qg6+ Kh8 58. fxe5 Qf3+ 59.
Qg2 Qxg2+ 60. Kxg2 b4 61. Rb1 Rb7 62. Kf3 Kg8 63. e6 Kf8 64. Ke3 Ke7 65. Kd4
Kxe6 66. Rb3 Rb8 67. h5 Rb7 68. Kc5 Ke5 69. Rxb4 Rxb4 70. Kxb4 Kxe4 71. Kc5 Kf5
72. Kd6 Kg5 73. Ke5 1/2-1/2

[Event "World Rapid 2019"]
[Site "Moscow RUS"]
[Date "2019.12.26"]
[Round "4.90"]
[White "Piorun, Kacper"]
[Black "Abdusattorov, Nodirbek"]
[Result "1-0"]
[WhiteTitle "GM"]
[BlackTitle "GM"]
[WhiteElo "2611"]
[BlackElo "2635"]
[WhiteFideId "1130420"]
[BlackFideId "14204118"]
[EventDate "2019.12.26"]
[EventType "rapid"]

1. e4 c5 2. Nf3 d6 3. d4 cxd4 4. Qxd4 Nf6 5. Be2 Nc6 6. Qe3 g6 7. O-O Bg7 8. h3
O-O 9. Rd1 Qb6 10. Qxb6 axb6 11. Nc3 Be6 12. a3 Nd7 13. Nd5 Ra7 14. c3 Nc5 15.
Be3 h6 16. Nd2 Bxd5 17. exd5 Ne5 18. Bb5 g5 19. a4 Raa8 20. b4 Ncd7 21. Nb3 Rfc8
22. Rac1 Rc7 23. a5 Nc4 24. Bxc4 Rxc4 25. axb6 Rxc3 26. Na5 Rb8 27. Nc6 Re8 28.
Rxc3 Bxc3 29. Rc1 Nf6 30. Rxc3 Nxd5 31. Ra3 f5 32. Na5 f4 33. Bd2 Nxb6 34. Rc3
Kf7 35. Rc7 Nd5 36. Rxb7 Rc8 37. Kf1 Rc2 38. Ke2 h5 39. Kd3 Ra2 40. Nb3 Rb2 41.
Nd4 Kf6 42. f3 e5 43. Nc6 Ke6 44. Rh7 Nf6 45. Rg7 g4 46. hxg4 hxg4 47. fxg4 Ra2
48. g5 e4+ 49. Kc4 Rc2+ 50. Bc3 d5+ 51. Kb3 f3 52. Kxc2 f2 53. Rg6 1-0

[Event "World Rapid 2019"]
[Site "Moscow RUS"]
[Date "2019.12.26"]
[Round "4.91"]
[White "Vavulin, Maxim"]
[Black "Santos Ruiz, Miguel"]
[Result "1/2-1/2"]
[WhiteTitle "GM"]
[BlackTitle "GM"]
[WhiteElo "2556"]
[BlackElo "2585"]
[WhiteFideId "4169530"]
[BlackFideId "22291482"]
[EventDate "2019.12.26"]
[EventType "rapid"]

1. e4 e5 2. Nf3 Nc6 3. Bb5 Nf6 4. Qe2 Bd6 5. c3 O-O 6. d3 Re8 7. Nbd2 a6 8. Ba4
Bf8 9. Nf1 d5 10. h3 b5 11. Bb3 Na5 12. Bc2 c5 13. Ng3 h6 14. Nh2 Nc6 15. Ng4 d4
16. Qf3 Nh7 17. Nf5 Be6 18. Bb3 dxc3 19. bxc3 Qa5 20. Bxe6 fxe6 21. Nfxh6+ gxh6
22. O-O Qxc3 23. Nxh6+ Bxh6 24. Bxh6 Re7 25. Rac1 Qa3 26. Kh1 Rd8 27. Be3 Rg7
28. Rfd1 Rxd3 29. Rxd3 Qxd3 30. Rxc5 Qd7 31. Qh5 Nf6 32. Qh4 Rg6 33. Kh2 Kg7 34.
f3 Qd6 35. Qf2 Nd8 36. Qc2 Nh5 37. Rc7+ Nf7 38. Rc6 Qd8 39. Qc3 Qh4 40. Qd2 Qg3+
41. Kh1 Nf4 42. Bxf4 exf4 43. Rxa6 e5 44. Ra7 Qh4 45. Rb7 Qf6 46. Rxb5 Qa6 47.
Qb2 Kh6 48. Kh2 Qa4 49. Rb7 Ng5 50. Qb3 Qd4 51. Rb8 Kh7 52. Rb7+ Kh6 53. Rb8 Qf2
54. Rh8+ Nh7 55. Rxh7+ Kxh7 56. Qf7+ Kh6 57. Qf8+ Rg7 58. Qf6+ Kh7 59. Qf5+ Kg8
60. Qc8+ Kf7 61. Qd7+ Kg6 62. Qf5+ Kh6 63. Qf6+ Kh7 64. Qf5+ Rg6 65. Qf7+ Kh6
66. Qf8+ Kh7 1/2-1/2

[Event "World Rapid 2019"]
[Site "Moscow RUS"]
[Date "2019.12.26"]
[Round "4.92"]
[White "Frolyanov, Dmitry"]
[Black "Krsnik Cohar, Ivan Vihor"]
[Result "1-0"]
[WhiteTitle "GM"]
[BlackTitle "FM"]
[WhiteElo "2556"]
[BlackElo "2313"]
[WhiteFideId "4151976"]
[BlackFideId "14520044"]
[EventDate "2019.12.26"]
[EventType "rapid"]

1. e4 c6 2. Nc3 d5 3. Nf3 dxe4 4. Nxe4 Bg4 5. h3 Bxf3 6. Qxf3 e6 7. b3 Nd7 8.
Bb2 Ngf6 9. Nxf6+ Nxf6 10. Bd3 Be7 11. O-O-O Qa5 12. Kb1 O-O-O 13. g4 h5 14.
Rhg1 hxg4 15. hxg4 Qg5 16. Qe3 Qxe3 17. dxe3 Rh2 18. Rdf1 g6 19. Rg3 Nd5 20. Rf3
f5 21. e4 fxe4 22. Bxe4 g5 23. Rf7 Bc5 24. Be5 Bd6 25. Bxh2 Nc3+ 26. Kb2 Bxh2
27. Kxc3 Be5+ 28. Kb4 Rd4+ 29. c4 Rxe4 30. Rd1 Bd4 31. Rh1 a5+ 32. Kxa5 Bc3+ 33.
Kb6 Bd4+ 34. c5 Be5 35. Rf8+ 1-0